| 000 | 00550nam a2200193Ia 4500 | ||
|---|---|---|---|
| 003 | GCL | ||
| 008 | 140319s9999 xx 000 0 eng d | ||
| 040 |
_aGCL / _cGCL |
||
| 082 | 0 | 4 |
_a660.2815 _bL F |
| 100 | 1 | _aLUYLIEN, WILLIAM L | |
| 245 | 1 | 0 |
_aESSENTIALS OF PROCESS CONTROL / _cLUYLIEN, WILLIAM L |
| 700 | 1 | _aLUYBEN, MICHAEL L. | |
| 260 |
_a[S.N] : _bMC GRAW - HILL ، _c1997 |
||
| 650 | 0 | 4 | _aالمجموعات النادرة |
| 650 | 0 | 4 | _aCHEMISTRY |
| 650 | 0 | 4 | _aCHEMICAL ENGINEERING |
| 650 | 0 | 4 | _aCHEMICAL PROCESS CONTROL |
| 942 |
_2ddc _cBK |
||
| 999 |
_c16022 _d16022 |
||